Tous les sites UNESCO d'Ukraine sur une carte - Statistiques

Statistiques générales
  • Ce quiz a été pris 27 fois
  • Le résultat moyen est 6 sur 8
Réponses sur la Carte
Les réponses sont colorées sur une échelle allant du rouge au vert en fonction du pourcentage des utilisateurs qui les ont devinées à leur premier essai. Vous pouvez retrouver ces pourcentages ci-dessous.
 
Statistiques - réponses
Réponse % Correct
Kyiv : Cathédrale Sainte-Sophie et ensemble des bâtiments monastiques et Laure de Kyiv-Petchersk
90%
Le centre historique d’Odesa
90%
Lviv – ensemble du centre historique
90%
Cité antique de Chersonèse Taurique et sa chôra
71%
Forêts primaires et anciennes de hêtres d’Europe
71%
Arc géodésique de Struve
57%
Tserkvas en bois de la région des Carpates en Pologne et en Ukraine
57%
Résidence des métropolites de Bucovine et de Dalmatie
57%
Aucun quiz correspondant
Distribution des résultats
% des personnes avec chaque résultat
Percentile par nombre de réponses
Votre historique - résultats
Vous n’avez pas pris ce quiz